| 000 | 00422nam a2200169Ia 4500 | ||
|---|---|---|---|
| 008 | 221030s9999 xx 000 0 und d | ||
| 020 | _a818710550X | ||
| 041 | _aEnglish | ||
| 082 |
_a105.23 _bMor |
||
| 100 | _aR. S. Mortier | ||
| 245 | 0 |
_aPage Maker 6.5 Complete _cby R. S. Mortier, R. Wallace |
|
| 260 |
_bTechmedia _aNew Delhi _c1997 |
||
| 300 | _a905 | ||
| 650 | _aBE Computer | ||
| 700 | _aR. Wallace | ||
| 942 | _cBK | ||
| 999 |
_c7240 _d7240 |
||